[Event "AUT-chT Rapid"]
[Site "Pasching"]
[Date "2025.06.01"]
[Round "6.9"]
[White "Dragnev, Valentin"]
[Black "Kosteniuk, Alexandra"]
[Result "0-1"]
[WhiteElo "2540"]
[BlackElo "2479"]
[PlyCount "78"]
[EventDate "2025.06.01"]
[EventType "team-swiss (rapid)"]
[EventRounds "9"]
[EventCountry "AUT"]
[SourceTitle "CB23_2025"]
[SourceDate "2025.06.04"]
[SourceVersion "1"]
[SourceVersionDate "2025.06.04"]
[SourceQuality "1"]
[WhiteTeam "SpaceBar Crushers"]
[BlackTeam "Linz Victoria"]
[WhiteTeamCountry "AUT"]
[BlackTeamCountry "AUT"]

1. e4 c6 2. d4 d5 3. e5 c5 4. Nf3 Nc6 5. dxc5 Bg4 6. c3 e6 7. Be3 Bxf3 8. Qxf3 a6 9. Bd4 b6 10. cxb6 Nxd4 11. cxd4 Qxb6 12. Qb3 Qxd4 13. Be2 Bc5 14. 0-0 Ne7 15. Qc2 0-0 16. Bd3 Rfc8 17. Bxh7+ Kh8 18. Bd3 Qxe5 19. Qd1 g6 20. Nc3 Kg7 21. Qe2 Qd6 22. Rad1 Rh8 23. g3 Rh3 24. Kg2 Rah8 25. Rh1 Qc6 26. Qf3 Qb7 27. Rd2 Nc6 28. Qf4 e5 29. Qg4 Ne7 30. Na4 Bb4 31. Rc2 f5 32. Qg5 d4+ 33. Kg1 Qf3 34. Bf1 Qxh1+ 35. Kxh1 Rxh2+ 36. Kg1 Rh1+ 37. Kg2 R8h2+ 38. Kf3 e4+ 39. Ke2 d3+ 0-1

[Event "AUT-chT Blitz"]
[Site "Pasching"]
[Date "2025.05.31"]
[Round "13.10"]
[White "Kosteniuk, Alexandra"]
[Black "Gumularz, Szymon"]
[Result "0-1"]
[WhiteElo "2479"]
[BlackElo "2602"]
[PlyCount "70"]
[EventDate "2025.05.31"]
[EventType "team-swiss (blitz)"]
[EventRounds "13"]
[EventCountry "AUT"]
[SourceTitle "CB23_2025"]
[SourceDate "2025.06.04"]
[SourceVersion "1"]
[SourceVersionDate "2025.06.04"]
[SourceQuality "1"]
[WhiteTeam "Linz Victoria"]
[BlackTeam "Krakow Kingsofchess"]
[WhiteTeamCountry "AUT"]
[BlackTeamCountry "POL"]

1. e4 Nf6 2. e5 Ng8 3. Nf3 d5 4. exd6 cxd6 5. d4 g6 6. Bd3 Bg7 7. 0-0 Nf6 8. c4 0-0 9. Nc3 d5 10. c5 Bg4 11. Be2 Nc6 12. Be3 e6 13. h3 Bxf3 14. Bxf3 Kh8 15. Rb1 Ng8 16. b4 a6 17. a4 Nge7 18. b5 axb5 19. axb5 Na5 20. Na4 Nc4 21. Be2 Nxe3 22. fxe3 Nf5 23. Rf3 Bh6 24. Nb6 Ra3 25. e4 Rxf3 26. Bxf3 Be3+ 27. Kf1 dxe4 28. Bg4 Qh4 29. Qc2 Nxd4 30. Qb2 f5 31. Nd7 Rd8 32. c6 fxg4 33. cxb7 gxh3 34. gxh3 Qf4+ 35. Ke1 Qg3+ 0-1

[Event "AUT-chT Blitz"]
[Site "Pasching"]
[Date "2025.05.31"]
[Round "6.14"]
[White "Kosteniuk, Alexandra"]
[Black "Levin, Guy"]
[Result "1-0"]
[WhiteElo "2479"]
[BlackElo "2464"]
[PlyCount "125"]
[EventDate "2025.05.31"]
[EventType "team-swiss (blitz)"]
[EventRounds "13"]
[EventCountry "AUT"]
[SourceTitle "CB23_2025"]
[SourceDate "2025.06.04"]
[SourceVersion "1"]
[SourceVersionDate "2025.06.04"]
[SourceQuality "1"]
[WhiteTeam "Linz Victoria"]
[BlackTeam "OBANA"]
[WhiteTeamCountry "AUT"]
[BlackTeamCountry "ISR"]

1. e4 c6 2. c4 g6 3. Nc3 Bg7 4. d4 d6 5. Nf3 Nf6 6. Be2 0-0 7. 0-0 a5 8. e5 dxe5 9. Nxe5 Be6 10. h3 Nbd7 11. Nf3 Nb6 12. b3 a4 13. Be3 axb3 14. axb3 Bf5 15. Qd2 Ne4 16. Nxe4 Bxe4 17. Rxa8 Nxa8 18. Rd1 Nc7 19. Bh6 Bxf3 20. Bxf3 Bxh6 21. Qxh6 Qd6 22. Qe3 Rd8 23. h4 h5 24. g3 Qf6 25. Kg2 Kg7 26. Qe4 Rd6 27. b4 Re6 28. Qc2 Rd6 29. d5 cxd5 30. cxd5 Nb5 31. Qc5 Nc3 32. Rd3 Na4 33. Qc7 b5 34. Re3 Nb6 35. Qc5 Nc4 36. Re2 Ne5 37. Be4 Rb6 38. f4 Nd7 39. Qe3 Qd6 40. Qc3+ Nf6 41. Bf3 Rb7 42. Qc5 Rb6 43. Rxe7 Qd8 44. Re2 Rd6 45. Rd2 Rb6 46. d6 Nd7 47. Qd4+ Qf6 48. Qxf6+ Kxf6 49. Kf2 Ra6 50. Bg2 Ke6 51. Bd5+ Kxd6 52. Bxf7+ Ke7 53. Bd5 Nf6 54. Re2+ Kd7 55. Bf7 Ng4+ 56. Kg2 Rd6 57. Be8+ Kc7 58. Bxb5 Rb6 59. Bd3 Kd7 60. b5 Nh6 61. Ra2 Nf7 62. Ra7+ Ke8 63. Ra6 1-0

[Event "PlusCity Grand Prix Rapid"]
[Site "Pasching"]
[Date "2025.05.30"]
[Round "7"]
[White "Kosteniuk, Alexandra"]
[Black "Glek, Igor Vladimirovich"]
[Result "1/2-1/2"]
[WhiteElo "2479"]
[BlackElo "2445"]
[PlyCount "104"]
[EventDate "2025.05.30"]
[EventType "swiss (rapid)"]
[EventRounds "9"]
[EventCountry "AUT"]
[SourceTitle "CB23_2025"]
[SourceDate "2025.06.04"]
[SourceVersion "1"]
[SourceVersionDate "2025.06.04"]
[SourceQuality "1"]

1. e4 e6 2. d4 d5 3. e5 c5 4. c3 Nc6 5. Nf3 Nge7 6. Na3 cxd4 7. cxd4 Nf5 8. Nc2 Qb6 9. Bd3 Bd7 10. 0-0 a5 11. Rb1 Nb4 12. Nxb4 axb4 13. Bxf5 exf5 14. Ra1 h6 15. Re1 Be7 16. Qd3 0-0 17. Bd2 Rfc8 18. h4 Qa6 19. Qb1 Qc4 20. Rc1 Qb5 21. b3 Rxc1+ 22. Qxc1 Rc8 23. Qf1 Rc2 24. Qxb5 Bxb5 25. Be3 Be2 26. Ne1 Rc6 27. g3 g5 28. hxg5 hxg5 29. f3 Ra6 30. Kf2 Bb5 31. Bd2 Kg7 32. Nc2 Rc6 33. Ne3 f4 34. gxf4 gxf4 35. Nf5+ Kf8 36. Rh1 Ke8 37. Rh8+ Kd7 38. Nxe7 Kxe7 39. Bxb4+ Kd7 40. Rf8 Rc2+ 41. Ke1 Ke6 42. a4 Be2 43. Re8+ Kf5 44. Re7 Bxf3 45. Rxf7+ Ke4 46. Bd2 Kd3 47. Rxf4 Be4 48. Rf2 Rb2 49. Re2 Rb1+ 50. Kf2 Rb2 51. Ke1 Rb1+ 52. Kf2 Rb2 1/2-1/2

[Event "Chess.com Classic Play In"]
[Site "Chess.com INT"]
[Date "2025.05.19"]
[Round "3"]
[White "Kosteniuk, Alexandra"]
[Black "Gabrielian, Artur"]
[Result "1-0"]
[WhiteElo "2479"]
[BlackElo "2419"]
[PlyCount "131"]
[EventDate "2025.05.19"]
[EventType "swiss (blitz)"]
[EventRounds "9"]
[EventCountry "USA"]
[SourceTitle "CB21_2025"]
[SourceDate "2025.05.21"]
[SourceVersion "1"]
[SourceVersionDate "2025.05.21"]
[SourceQuality "1"]

1. e4 e5 2. Nf3 Nc6 3. Bb5 a6 4. Ba4 Bc5 5. c3 Ba7 6. 0-0 Nge7 7. d4 Ng6 8. Bg5 f6 9. Be3 0-0 10. d5 Nce7 11. Bxa7 Rxa7 12. d6 cxd6 13. Qxd6 b5 14. Bb3+ Kh8 15. a4 Qc7 16. Rd1 Qxd6 17. Rxd6 b4 18. a5 Nc6 19. Nbd2 bxc3 20. bxc3 Nf4 21. Kf1 g5 22. g3 Ng6 23. Nc4 g4 24. Nfd2 Rc7 25. Nb6 Nge7 26. Ndc4 f5 27. Ne3 fxe4 28. Nxg4 Nf5 29. Rf6 Rxf6 30. Nxf6 Nce7 31. Nxc8 Rxc8 32. Nxd7 Rxc3 33. Bd1 e3 34. Be2 exf2 35. Kxf2 Rc2 36. Nxe5 Nd4 37. Re1 Nd5 38. Nf3 Nc6 39. Kg1 Nxa5 40. Bxa6 Nc6 41. Nh4 Kg7 42. Bd3 Rd2 43. Be4 Ne5 44. Bxh7 Ng4 45. Nf3 Rb2 46. Bf5 Nf2 47. Nd4 Kf6 48. Bc2 Nh3+ 49. Kg2 Ng5 50. h4 Nf7 51. Re2 Ne5 52. Rf2+ Ke7 53. Nf5+ Kd7 54. Be4 Rxf2+ 55. Kxf2 Nf6 56. Ke3 Neg4+ 57. Kf4 Nf2 58. Bf3 Ke6 59. Nd4+ Kf7 60. g4 Nd3+ 61. Kg3 Ne5 62. g5 Nh7 63. Bd5+ Kg7 64. Be4 Nxg5 65. hxg5 Nf7 66. Ne6+ 1-0

[Event "Chess.com Classic Play In"]
[Site "Chess.com INT"]
[Date "2025.05.19"]
[Round "7"]
[White "Kosteniuk, Alexandra"]
[Black "Tari, Aryan"]
[Result "0-1"]
[WhiteElo "2479"]
[BlackElo "2636"]
[PlyCount "96"]
[EventDate "2025.05.19"]
[EventType "swiss (blitz)"]
[EventRounds "9"]
[EventCountry "USA"]
[SourceTitle "CB21_2025"]
[SourceDate "2025.05.21"]
[SourceVersion "1"]
[SourceVersionDate "2025.05.21"]
[SourceQuality "1"]

1. e4 e5 2. Nf3 Nc6 3. Bb5 Nge7 4. d4 exd4 5. Nxd4 Ng6 6. Nxc6 bxc6 7. Bc4 Bc5 8. Nc3 0-0 9. 0-0 d6 10. Kh1 Ne5 11. Be2 Qh4 12. Be3 Bxe3 13. fxe3 Rb8 14. b3 Be6 15. Rf4 Qe7 16. Qd2 c5 17. Rd1 Kh8 18. h3 Rbd8 19. Nd5 Qd7 20. c4 c6 21. Nc3 Qe7 22. Qe1 Ng6 23. Rf2 f5 24. exf5 Bxf5 25. Bf1 Ne5 26. Rfd2 Rf6 27. Qh4 Bc2 28. Kh2 Bxd1 29. Rxd1 Nf3+ 30. gxf3 Qe5+ 31. f4 Qxc3 32. Qf2 Re6 33. Rd3 Qf6 34. Bg2 g5 35. Bxc6 Rf8 36. Bd5 Re7 37. Bg2 gxf4 38. exf4 Rg7 39. Rf3 Re8 40. Qd2 Rge7 41. Rf2 Re3 42. Bc6 R8e7 43. Bg2 Qd4 44. Qc2 Rf7 45. Bd5 Rxf4 46. Rg2 Rxh3+ 47. Kxh3 Rh4+ 48. Kg3 Qf4# 0-1

[Event "Chess.com Classic Play In"]
[Site "Chess.com INT"]
[Date "2025.05.19"]
[Round "8"]
[White "Mekhitarian, Krikor Sevag"]
[Black "Kosteniuk, Alexandra"]
[Result "1/2-1/2"]
[WhiteElo "2564"]
[BlackElo "2479"]
[PlyCount "113"]
[EventDate "2025.05.19"]
[EventType "swiss (blitz)"]
[EventRounds "9"]
[EventCountry "USA"]
[SourceTitle "CB21_2025"]
[SourceDate "2025.05.21"]
[SourceVersion "1"]
[SourceVersionDate "2025.05.21"]
[SourceQuality "1"]

1. Nf3 d5 2. c4 e6 3. d4 c6 4. Nc3 dxc4 5. e4 b5 6. Qc2 Nf6 7. Be2 Be7 8. 0-0 0-0 9. Rb1 Nbd7 10. b3 b4 11. e5 cxb3 12. Rxb3 bxc3 13. exf6 Nxf6 14. Rxc3 Nd5 15. Rb3 Bd7 16. Ne5 Rc8 17. Rh3 f5 18. Nd3 Rb8 19. Nc5 Bc8 20. Rb3 Rb6 21. Re1 Bf6 22. Bb2 Re8 23. Bc4 Rxb3 24. Qxb3 Qa5 25. Re2 Nf4 26. Re3 Nd5 27. Bxd5 cxd5 28. h3 Bg5 29. Re2 Ba6 30. Bc3 Qb5 31. Qxb5 Bxb5 32. Rxe6 Rxe6 33. Nxe6 Be7 34. f3 Bd6 35. Nc5 Kf7 36. Kf2 Bc4 37. a3 Ke7 38. Bb4 Kf7 39. g4 fxg4 40. fxg4 g5 41. Nd7 Bxb4 42. axb4 Bb5 43. Ne5+ Ke6 44. Kg3 Be8 45. h4 gxh4+ 46. Kxh4 h6 47. Kg3 Kd6 48. Kf4 Kc7 49. Ke3 Kb6 50. Kd2 Kc7 51. Ke3 Kb6 52. Kd2 Kc7 53. Kc3 Kd6 54. Kd3 Kc7 55. Kc3 Kd6 56. Kd3 Kc7 57. Kc3 1/2-1/2

[Event "Grosslobming FIDE GP (Women)"]
[Site "Grosslobming"]
[Date "2025.05.14"]
[Round "8"]
[White "Muzychuk, Mariya"]
[Black "Kosteniuk, Alexandra"]
[Result "1-0"]
[WhiteElo "2494"]
[BlackElo "2479"]
[PlyCount "97"]
[EventDate "2025.05.06"]
[EventType "tourn"]
[EventRounds "9"]
[EventCountry "AUT"]
[EventCategory "10"]
[SourceTitle "CB21_2025"]
[SourceDate "2025.05.21"]
[SourceVersion "1"]
[SourceVersionDate "2025.05.21"]
[SourceQuality "1"]

1. e4 e6 2. d4 d5 3. e5 c5 4. c3 Nc6 5. Nf3 Bd7 6. dxc5 Bxc5 7. Bd3 Nge7 8. 0-0 Ng6 9. Re1 0-0 10. Be3 Bxe3 11. Rxe3 Be8 12. Na3 f6 13. exf6 Qxf6 14. Nb5 Nf4 15. Nc7 Rd8 16. Nxe8 Rfxe8 17. g3 e5 18. gxf4 e4 19. Bc2 Qxf4 20. Nd4 Ne5 21. Rg3 Rd6 22. Qh5 Rf8 23. Rf1 Ng6 24. Bb3 Qf7 25. Rg5 Rfd8 26. Nf5 Rf6 27. Ne3 Kh8 28. Rxd5 Rxd5 29. Qxd5 Qe8 30. Rd1 Rf8 31. Qd7 Qb8 32. Qd6 Qe8 33. Bc4 Ne5 34. Be2 Qf7 35. Rf1 Re8 36. Ng4 Ng6 37. Qg3 Qxa2 38. Ne3 Rf8 39. Qd6 Qxb2 40. Bh5 Rf6 41. Qd4 Nf8 42. Qxe4 Qb5 43. Bf3 Qg5+ 44. Bg2 b5 45. Rd1 Qc5 46. Qb4 Qb6 47. Qe7 Qb8 48. Ng4 Rf5 49. Be4 1-0

[Event "Titled Tuesday intern op 01st Apr Early"]
[Site "Chess.com INT"]
[Date "2025.04.01"]
[Round "8"]
[White "Kosteniuk, Alexandra"]
[Black "Bardyk, Artem"]
[Result "1-0"]
[WhiteElo "2484"]
[BlackElo "2257"]
[PlyCount "57"]
[EventDate "2025.04.01"]
[EventType "swiss (blitz)"]
[EventRounds "11"]
[EventCountry "USA"]
[SourceTitle "CB15_2025"]
[SourceDate "2025.04.09"]
[SourceVersion "1"]
[SourceVersionDate "2025.04.09"]
[SourceQuality "1"]

1. e4 c6 2. c4 d5 3. cxd5 cxd5 4. exd5 Qxd5 5. Nc3 Qd8 6. d4 Nf6 7. Nf3 e6 8. Bd3 Be7 9. 0-0 Nc6 10. Bc2 0-0 11. a3 b6 12. Qd3 g6 13. Bh6 Re8 14. Rfe1 Bf8 15. Bg5 h6 16. Bh4 g5 17. Ne4 Bg7 18. Bg3 Nd5 19. Nd6 Re7 20. Qh7+ Kf8 21. Ne5 Nxd4 22. Ndxf7 Rxf7 23. Nxf7 Kxf7 24. Be5 Qg8 25. Bg6+ Kf8 26. Bd6+ Ne7 27. Bxe7+ Kxe7 28. Qxg8 Bf6 29. Qf7+ 1-0

[Event "Titled Tuesday intern op 01st Apr Early"]
[Site "Chess.com INT"]
[Date "2025.04.01"]
[Round "4"]
[White "Kosteniuk, Alexandra"]
[Black "Gluszko, Tomasz"]
[Result "1-0"]
[WhiteElo "2484"]
[BlackElo "2189"]
[PlyCount "95"]
[EventDate "2025.04.01"]
[EventType "swiss (blitz)"]
[EventRounds "11"]
[EventCountry "USA"]
[SourceTitle "CB15_2025"]
[SourceDate "2025.04.09"]
[SourceVersion "1"]
[SourceVersionDate "2025.04.09"]
[SourceQuality "1"]

1. e4 c5 2. d4 cxd4 3. Qxd4 Nc6 4. Qd3 Nf6 5. Nc3 e6 6. Bf4 Bb4 7. 0-0-0 0-0 8. Nge2 d5 9. exd5 exd5 10. Nxd5 Nxd5 11. Qxd5 Qb6 12. Be3 Qc7 13. Nf4 Rd8 14. Qf3 Rxd1+ 15. Qxd1 Qa5 16. Bc4 Bf5 17. Qd5 Rd8 18. Qxf7+ Kh8 19. Rd1 Rxd1+ 20. Kxd1 Qd8+ 21. Qd5 Qf8 22. a3 Bd6 23. Ne6 Qf6 24. Nd4 Ne7 25. Qxb7 h5 26. h3 Qe5 27. Qa8+ Kh7 28. Qf3 Bg6 29. Bd3 Bc5 30. Bxg6+ Nxg6 31. c3 a5 32. g3 Bxd4 33. Bxd4 Qb5 34. Qe2 Qd5 35. Kc2 Qf5+ 36. Qd3 Qxh3 37. c4 h4 38. gxh4 Qxh4 39. c5 Kh6 40. c6 Nf4 41. Be3 g5 42. Qd6+ Kh5 43. c7 Qg4 44. Qd1 Ne2 45. Qh1+ Kg6 46. Qc6+ Kh5 47. c8Q Qa4+ 48. Qxa4 1-0

[Event "Titled Tuesday intern op 01st Apr Early"]
[Site "Chess.com INT"]
[Date "2025.04.01"]
[Round "10"]
[White "Kosteniuk, Alexandra"]
[Black "Jammalamadaka, Vihaan"]
[Result "1-0"]
[WhiteElo "2484"]
[BlackElo "1902"]
[PlyCount "109"]
[EventDate "2025.04.01"]
[EventType "swiss (blitz)"]
[EventRounds "11"]
[EventCountry "USA"]
[SourceTitle "CB15_2025"]
[SourceDate "2025.04.09"]
[SourceVersion "1"]
[SourceVersionDate "2025.04.09"]
[SourceQuality "1"]

1. e4 c5 2. d4 cxd4 3. Qxd4 Nc6 4. Qd3 e6 5. Nc3 Nf6 6. Bf4 Bb4 7. 0-0-0 0-0 8. Nge2 d5 9. e5 Nd7 10. Qg3 f6 11. exf6 Nxf6 12. Bg5 Qe7 13. f3 Bd6 14. Qh4 h6 15. Bd2 e5 16. Ng3 Be6 17. Bd3 a6 18. Nf5 Bxf5 19. Bxf5 d4 20. Ne4 Nxe4 21. Qxe4 Qf7 22. Bh7+ Kh8 23. Kb1 Bb4 24. Bc1 Rad8 25. Bg6 Qe6 26. g4 d3 27. Rxd3 Rxd3 28. Qxd3 Rd8 29. Qf5 Qc4 30. Qf7 Qxf7 31. Bxf7 Bc5 32. c3 Rd3 33. Rf1 Be7 34. Bg6 Rd6 35. Be4 Bf6 36. Kc2 b5 37. Be3 Na5 38. b3 Nc6 39. Bc5 Re6 40. Rd1 Ne7 41. Rd7 Ng8 42. Ra7 Be7 43. Bxe7 Rxe7 44. Rxa6 g5 45. Rb6 Ra7 46. Kb2 Kg7 47. Rxb5 Nf6 48. Rxe5 Rd7 49. Kc2 Ra7 50. a4 Nd7 51. Rb5 Nf6 52. Rb7+ Rxb7 53. Bxb7 Kf8 54. a5 Nd7 55. a6 1-0

[Event "Titled Tuesday intern op 01st Apr Late"]
[Site "Chess.com INT"]
[Date "2025.04.01"]
[Round "7"]
[White "Kosteniuk, Alexandra"]
[Black "Khanbutaev, Artemiy"]
[Result "1-0"]
[WhiteElo "2482"]
[BlackElo "2097"]
[PlyCount "109"]
[EventDate "2025.04.01"]
[EventType "swiss (blitz)"]
[EventRounds "11"]
[EventCountry "USA"]
[SourceTitle "CB15_2025"]
[SourceDate "2025.04.09"]
[SourceVersion "1"]
[SourceVersionDate "2025.04.09"]
[SourceQuality "1"]

1. e4 e5 2. Nf3 Nc6 3. d4 exd4 4. Nxd4 Bc5 5. Nb3 Bb6 6. Nc3 Nf6 7. Bg5 h6 8. Bh4 0-0 9. Qe2 a5 10. a4 Nd4 11. Nxd4 Bxd4 12. 0-0-0 Bxc3 13. bxc3 Qe7 14. e5 Qa3+ 15. Kd2 Qxa4 16. exf6 Qxh4 17. fxg7 Qg5+ 18. Qe3 Qxe3+ 19. fxe3 Kxg7 20. Bc4 d6 21. Rhf1 Be6 22. Rf4 a4 23. Ra1 c6 24. Bxe6 fxe6 25. Rfxa4 Rf2+ 26. Kd3 Rxa4 27. Rxa4 Rxg2 28. Ra7 Rxh2 29. Rxb7+ Kf6 30. Rb6 Ke5 31. Rxc6 h5 32. Rc8 h4 33. Rh8 h3 34. Rh5+ Kf6 35. c4 Rh1 36. c5 dxc5 37. Kc3 h2 38. Kc4 Kg6 39. Rh8 Kf5 40. Kxc5 Ke4 41. Rh3 e5 42. c4 Kd3 43. Kd5 e4 44. c5 Ra1 45. Rxh2 Kxe3 46. c6 Kd3 47. c7 Ra5+ 48. Kc6 Ra8 49. Rh6 e3 50. Rd6+ Kc2 51. Rd8 e2 52. Rxa8 e1Q 53. c8Q Kb2 54. Qb7+ Kc3 55. Ra3+ 1-0

[Event "Titled Tuesday intern op 01st Apr Early"]
[Site "Chess.com INT"]
[Date "2025.04.01"]
[Round "5"]
[White "Mitev, Valentin"]
[Black "Kosteniuk, Alexandra"]
[Result "0-1"]
[WhiteElo "2290"]
[BlackElo "2484"]
[PlyCount "88"]
[EventDate "2025.04.01"]
[EventType "swiss (blitz)"]
[EventRounds "11"]
[EventCountry "USA"]
[SourceTitle "CB15_2025"]
[SourceDate "2025.04.09"]
[SourceVersion "1"]
[SourceVersionDate "2025.04.09"]
[SourceQuality "1"]

1. d4 Nf6 2. Bg5 e6 3. e4 h6 4. Bxf6 Qxf6 5. c3 d5 6. e5 Qd8 7. Bd3 c5 8. dxc5 Nd7 9. Nf3 Qc7 10. Qe2 Nxc5 11. 0-0 Nxd3 12. Qxd3 Bc5 13. Nbd2 0-0 14. Nb3 b6 15. a4 a5 16. Nbd4 Ba6 17. Nb5 Qd7 18. g3 d4 19. cxd4 Bb7 20. Rfd1 Rfd8 21. Rac1 Bf8 22. d5 Qxd5 23. Qxd5 Bxd5 24. Nfd4 Rac8 25. Rxc8 Rxc8 26. Nc3 Ba8 27. Ndb5 Bc5 28. Nd6 Rd8 29. Ncb5 Bc6 30. Rd2 Bxb5 31. axb5 f6 32. Nc4 Rd5 33. exf6 gxf6 34. Kf1 Kf7 35. Ke2 Bd4 36. b3 e5 37. f4 Ke6 38. fxe5 fxe5 39. Kf3 Rxb5 40. Rd3 Rb4 41. Ke4 a4 42. Nd2 a3 43. Nc4 a2 44. Rd1 a1Q 0-1

[Event "Titled Tuesday intern op 01st Apr Late"]
[Site "Chess.com INT"]
[Date "2025.04.01"]
[Round "4"]
[White "Ollier, Pablo"]
[Black "Kosteniuk, Alexandra"]
[Result "0-1"]
[WhiteElo "2280"]
[BlackElo "2482"]
[PlyCount "102"]
[EventDate "2025.04.01"]
[EventType "swiss (blitz)"]
[EventRounds "11"]
[EventCountry "USA"]
[SourceTitle "CB21_2025"]
[SourceDate "2025.05.21"]
[SourceVersion "1"]
[SourceVersionDate "2025.05.21"]
[SourceQuality "1"]

1. d4 Nf6 2. c4 e6 3. Nc3 Bb4 4. e3 b6 5. Nge2 Ne4 6. Qc2 Bb7 7. a3 Bxc3+ 8. Nxc3 Nxc3 9. Qxc3 d6 10. b4 Nd7 11. Bb2 a5 12. h4 axb4 13. axb4 Rxa1+ 14. Bxa1 Qa8 15. f3 Qa2 16. Bb2 Qb1+ 17. Kf2 0-0 18. c5 bxc5 19. dxc5 Nf6 20. h5 h6 21. Rh4 e5 22. Bd3 Qa2 23. Bc4 Qb1 24. Bd3 Qa2 25. Bc4 Qa8 26. Rh3 Bd5 27. Be2 Be6 28. Rh4 Qa2 29. Qa3 Ra8 30. Qxa2 Rxa2 31. Bc3 Rc2 32. Be1 dxc5 33. bxc5 Rxc5 34. Ra4 Nxh5 35. Ra8+ Kh7 36. Bb4 Rc2 37. Ke1 g6 38. g4 Nf6 39. Be7 Nd5 40. Bd8 Kg7 41. Bd1 Rc3 42. f4 exf4 43. exf4 Nxf4 44. Kd2 Rd3+ 45. Kc2 Rd6 46. Bf3 Nd5 47. Kb2 Rd7 48. Bh4 g5 49. Bg3 Nf4 50. Be1 Nd3+ 51. Kb1 Nxe1 0-1

[Event "Titled Tuesday intern op 01st Apr Early"]
[Site "Chess.com INT"]
[Date "2025.04.01"]
[Round "9"]
[White "Urazayev, Arystanbek"]
[Black "Kosteniuk, Alexandra"]
[Result "1-0"]
[WhiteElo "2467"]
[BlackElo "2484"]
[PlyCount "123"]
[EventDate "2025.04.01"]
[EventType "swiss (blitz)"]
[EventRounds "11"]
[EventCountry "USA"]
[SourceTitle "CB15_2025"]
[SourceDate "2025.04.09"]
[SourceVersion "1"]
[SourceVersionDate "2025.04.09"]
[SourceQuality "1"]

1. e4 c6 2. d4 d5 3. exd5 cxd5 4. Bd3 Nc6 5. c3 Qc7 6. Nf3 Bg4 7. h3 Bh5 8. 0-0 Nf6 9. Re1 e6 10. a4 Bd6 11. Na3 a6 12. Nc2 0-0 13. Bg5 Nd7 14. Be3 f5 15. c4 Rae8 16. c5 Bf4 17. Bxf4 Qxf4 18. Qd2 Qxd2 19. Nxd2 e5 20. b4 Nxd4 21. Nxd4 exd4 22. Rxe8 Rxe8 23. Bxf5 Ne5 24. f4 Nc4 25. Nb3 Ne3 26. Nxd4 Nxf5 27. Nxf5 Bg6 28. Nd6 Re2 29. f5 Bf7 30. Rd1 Rb2 31. Rd4 Kf8 32. Nxb7 Be8 33. a5 Bc6 34. Nd8 Bb5 35. Rxd5 Ke7 36. Rd4 Bd7 37. Ne6 Bc6 38. Nf4 Bb7 39. Rd6 Rxb4 40. g3 Rc4 41. Rb6 Bc8 42. Nd5+ Kd8 43. Rd6+ Ke8 44. f6 gxf6 45. Nxf6+ Ke7 46. Rc6 Bxh3 47. Nxh7 Be6 48. Ng5 Bd5 49. Rxa6 Rxc5 50. Nh3 Bc4 51. Ra7+ Kf6 52. Nf4 Rb5 53. Kf2 Rb3 54. Rc7 Bb5 55. Rb7 Ke5 56. a6 Rb2+ 57. Ke3 Rb3+ 58. Kd2 Kd6 59. a7 Ra3 60. Rxb5 Rxa7 61. Ke2 Ra3 62. Kf2 1-0